Принципы лазеров: пер. с англ.

Detaylı Bibliyografya
Yazar: Звелто О. Орацио
Özet:Книга проф. О. Звелто «Принципы лазеров» (4-е издание) посвящена теме современного состояния физики лазеров и основам их применений. Основная цель монографии состоит в том, чтобы дать всеобъемлющее и единое описание процессов в лазерах на высоком научном уровне и в то же время обеспечить ясность понимания его как для студентов и начинающих ученых, так и для активно работающих исследователей. Эта цель реализована автором благодаря тому, что он, будучи профессором Миланского политехнического института, активно работал в новой области знаний — квантовой электронике, практически с момента ее возникновения, 50 лет тому назад. Для широкого круга читателей ценным является то, что автор подходит к описанию явлений в лазерах с точки зрения физической картины, привлекая математический аппарат для получения необходимых формул, которые позволяют проводить и конкретные расчеты лазерных систем. В первых главах (1-6) монографии изложены общие принципы функционирования лазеров, рассмотрены по отдельности элементы всех современных лазеров. В главах 7-8 излагаются особенности различных режимов работы лазеров как непрерывного, так и импульсного действия. В главах 9-10 описываются особенности использования в лазерах различных активных сред. В главах 11-12 рассматриваются свойства и преобразования лазерного излучения с точки зрения его применения. Монография снабжена обширным иллюстративным и справочным аппаратом, в том числе списком литературы, насчитывающим несколько сот наименований.
Dil:Rusça
Baskı/Yayın Bilgisi: СПб., Лань, 2008
Edisyon:4-е изд.
Seri Bilgileri:Учебные пособия для вузов. Специальная литература
Konular:
Materyal Türü: MixedMaterials Kitap
KOHA link:https://koha.lib.tpu.ru/cgi-bin/koha/opac-detail.pl?biblionumber=150661

MARC

LEADER 00000nam0a2200000 4500
001 150661
005 20231101221512.0
010 |a 9785811408443 
035 |a (RuTPU)RU\TPU\book\163340 
090 |a 150661 
100 |a 20090113d2008 km y0rusy50 ca 
101 1 |a rus  |c eng 
102 |a RU 
105 |a a z 001zy 
200 1 |a Принципы лазеров  |e пер. с англ.  |f О. Звелто 
205 |a 4-е изд. 
210 |a СПб.  |c Лань  |d 2008 
215 |a 720 с.  |c ил. 
225 1 |a Учебные пособия для вузов. Специальная литература 
320 |a Библиогр. в конце гл. 
320 |a Предметный указатель: с. 703-719. 
330 |a Книга проф. О. Звелто «Принципы лазеров» (4-е издание) посвящена теме современного состояния физики лазеров и основам их применений. Основная цель монографии состоит в том, чтобы дать всеобъемлющее и единое описание процессов в лазерах на высоком научном уровне и в то же время обеспечить ясность понимания его как для студентов и начинающих ученых, так и для активно работающих исследователей. Эта цель реализована автором благодаря тому, что он, будучи профессором Миланского политехнического института, активно работал в новой области знаний — квантовой электронике, практически с момента ее возникновения, 50 лет тому назад. Для широкого круга читателей ценным является то, что автор подходит к описанию явлений в лазерах с точки зрения физической картины, привлекая математический аппарат для получения необходимых формул, которые позволяют проводить и конкретные расчеты лазерных систем. В первых главах (1-6) монографии изложены общие принципы функционирования лазеров, рассмотрены по отдельности элементы всех современных лазеров. В главах 7-8 излагаются особенности различных режимов работы лазеров как непрерывного, так и импульсного действия. В главах 9-10 описываются особенности использования в лазерах различных активных сред. В главах 11-12 рассматриваются свойства и преобразования лазерного излучения с точки зрения его применения. Монография снабжена обширным иллюстративным и справочным аппаратом, в том числе списком литературы, насчитывающим несколько сот наименований. 
451 1 |0 (RuTPU)RU\TPU\book\38687  |y 5-03-001053-X  |t Принципы лазеров  |o пер. с англ.  |f О. Звелто  |e 3-е изд., перераб. и доп.  |c М.  |n Мир  |d 1990  |p 560 с.  |a Звелто, Орацио 
606 1 |a Генераторы квантовые   |x Физика  |2 stltpush  |3 (RuTPU)RU\TPU\subj\5740  |9 33746 
610 1 |a лазерные пучки 
610 1 |a излучение 
610 1 |a поглощение 
610 1 |a молекулы 
610 1 |a волны 
610 1 |a лучи 
610 1 |a распространение 
610 1 |a гауссовые волновые пучки 
610 1 |a режимы работы 
610 1 |a нестационарный режим 
610 1 |a твердотельные лазеры 
610 1 |a полупроводниковые лазеры 
610 1 |a газовые лазеры 
610 1 |a химические лазеры 
610 1 |a рентгеновские лазеры 
610 1 |a частота 
610 1 |a импульсы 
610 1 |a сжатие 
610 1 |a расширение 
610 1 |a физика 
675 |a 621.373.826:53  |v 3 
700 1 |a Звелто  |b О.  |g Орацио 
801 1 |a RU  |b 63413507  |c 20090113  |g PSBO 
801 2 |a RU  |b 63413507  |c 20200828  |g PSBO 
900 |a Лазеры и их применение 
942 |c BK